MARC details
| 000 -LEADER |
| fixed length control field |
01944cam a22004097i 4500 |
| 001 - CONTROL NUMBER |
| control field |
1303637447 |
| 003 - CONTROL NUMBER IDENTIFIER |
| control field |
SIRSI |
| 005 - DATE AND TIME OF LATEST TRANSACTION |
| control field |
20240613120410.0 |
| 008 - FIXED-LENGTH DATA ELEMENTS--GENERAL INFORMATION |
| fixed length control field |
220315t20212021nyua j 000 1 eng d |
| 020 ## - INTERNATIONAL STANDARD BOOK NUMBER |
| International Standard Book Number |
9781338768077 |
| Qualifying information |
(paperback) |
| 020 ## - INTERNATIONAL STANDARD BOOK NUMBER |
| International Standard Book Number |
1338768077 |
| Qualifying information |
(paperback) |
| 040 ## - CATALOGING SOURCE |
| Original cataloging agency |
UUC |
| Language of cataloging |
eng |
| Transcribing agency |
UUC |
| Modifying agency |
OCLCO |
| -- |
OCLCF |
| -- |
OCLCQ |
| 092 ## - LOCALLY ASSIGNED DEWEY CALL NUMBER (OCLC) |
| Classification number |
PBJ |
| Item number |
POKEMON |
| 100 1# - MAIN ENTRY--PERSONAL NAME |
| Personal name |
Johnson, Jennifer L., |
| Relator term |
author. |
| 245 10 - TITLE STATEMENT |
| Title |
Psyduck ducks out / adapted by Jennifer Johnson ; |
| Remainder of title |
Thundershock in Pummelo stadium / adapted by Tracy West. |
| 246 30 - VARYING FORM OF TITLE |
| Title proper/short title |
Thundershock in Pummelo stadium / adapted by Tracy West. |
| 260 ## - PUBLICATION, DISTRIBUTION, ETC. (IMPRINT) |
| Place of publication, distribution, etc. |
New York, NY : |
| Name of publisher, distributor, etc. |
Scholastic Inc., |
| Date of publication, distribution, etc. |
c2021. |
| 264 #1 - PRODUCTION, PUBLICATION, DISTRIBUTION, MANUFACTURE, AND COPYRIGHT NOTICE |
| Place of production, publication, distribution, manufacture |
New York, NY : |
| Name of producer, publisher, distributor, manufacturer |
Scholastic Inc., |
| Date of production, publication, distribution, manufacture, or copyright notice |
[2021] |
| 264 #4 - PRODUCTION, PUBLICATION, DISTRIBUTION, MANUFACTURE, AND COPYRIGHT NOTICE |
| Date of production, publication, distribution, manufacture, or copyright notice |
c2021. |
| 300 ## - PHYSICAL DESCRIPTION |
| Extent |
80, 81 pages : |
| Other physical details |
illustrations ; |
| Dimensions |
19 cm. |
| 336 ## - CONTENT TYPE |
| Content type term |
text |
| Content type code |
txt |
| Source |
rdacontent. |
| 336 ## - CONTENT TYPE |
| Content type term |
still image |
| Content type code |
sti |
| Source |
rdacontent. |
| 337 ## - MEDIA TYPE |
| Media type term |
unmediated |
| Media type code |
n |
| Source |
rdamedia. |
| 338 ## - CARRIER TYPE |
| Carrier type term |
volume |
| Carrier type code |
nc |
| Source |
rdacarrier. |
| 490 1# - SERIES STATEMENT |
| Series statement |
Pokemon. |
| 500 ## - GENERAL NOTE |
| General note |
Based on the popular TV show. |
| 500 ## - GENERAL NOTE |
| General note |
2 books in one. |
| 520 ## - SUMMARY, ETC. |
| Summary, etc. |
"Psy-bye-bye! When Psyduck evolves into Golduck, Misty is thrilled! Golduck is the fastest swimmer of all. Besides, training Psyduck was one big headache. Psyduck was totally clueless and clumsy, except when it got a headache. Then its attacks were unstoppable--especially against Team Rocket! But is Golduck about to give Misty a big surprise? Get the inside scoop on Misty and Psyduck from their first hypnotic encounter to their biggest battles ever."--Page 4 of cover. |
| 520 ## - SUMMARY, ETC. |
| Summary, etc. |
Does Ash have what it takes to be an Orange League champion? |
| 650 #0 - SUBJECT ADDED ENTRY--TOPICAL TERM |
| Topical term or geographic name as entry element |
Pokemon (Fictitious characters) |
| Form subdivision |
Juvenile fiction. |
| 650 #0 - SUBJECT ADDED ENTRY--TOPICAL TERM |
| Topical term or geographic name as entry element |
Animals, Mythical |
| Form subdivision |
Juvenile fiction. |
| 650 #0 - SUBJECT ADDED ENTRY--TOPICAL TERM |
| Topical term or geographic name as entry element |
Friendship |
| Form subdivision |
Juvenile fiction. |
| 700 1# - ADDED ENTRY--PERSONAL NAME |
| Personal name |
West, Tracey, |
| Dates associated with a name |
1965- |
| Title of a work |
Thundershock in Pummelo stadium. |
| 730 0# - ADDED ENTRY--UNIFORM TITLE |
| Uniform title |
Pok©♭mon (Television program) |
| 830 #0 - SERIES ADDED ENTRY--UNIFORM TITLE |
| Uniform title |
Pokemon. |
| 942 ## - ADDED ENTRY ELEMENTS (KOHA) |
| Koha item type |
Libro/Book |